000 01255nam a2200325 i 4500
003 EG-GICUC
005 20260605013220.0
008 260605s1961 mx ||||f |||| 000 0 fre d
040 _aEG-GiCUC
_bfre
_cEG-GiCUC
_dEG-GiCUC
_eRda
041 _afre
_hfre
082 0 4 _a342.351
_bCA . J
092 0 4 _221
099 _aLaw1 08 342.351 CA . J 1961 0803908 C1
100 1 _aCappelletti, Mauro
_eAuteur
245 1 3 _aLa Jurisdiccion Constitucional De La Libertad :
_bCon Referencia A Los Ordenamientos Aleman, Suizo Y Austriaco /
_cPar Mauro Cappelletti ; Traduccion Estudio Sobre La Jurisdiccion Constitucional Mexicana Hector Fix Zamudio ; Prologo Del Dr. Mariano Azuela.
264 1 _aMexico :
_bImprenta Universitaria,
_c1961.
300 _a247 Page ;
_c24 cm.
336 _2rda contenu
_a texte
337 _2rda medias
_aOrdinateur
338 _2 transporteur rda
_a Ressource en ligne
500 _aIndex Pages : 407-416.
504 _aBibliography Pages : 402-404.
650 1 4 _aDroit constitutionnel
650 1 4 _aLibertés politiques
700 1 _aZamudio, Hector Fix
_eTraducteur
700 1 _aAzuela, Mariano
_ePréfacier
856 4 0 _uhttps://fll.law.cu.edu.eg/fulltext/bks/B08-03908.pdf
905 _a164
942 _2ddc
_cBK
_e21
_n0
999 _c77790
_d77790